North Melbourne Kangaroos Theme Song - Statistics

General Stats
  • This quiz has been taken 131 times
  • The average score is 37 of 41
Answer Stats
Answer % Correct
Me
98%
Melbourne
98%
Melbourne
98%
North
98%
North
98%
North
98%
The
98%
The
98%
The
98%
The
98%
And
96%
And
96%
And
96%
In
96%
In
96%
Join
96%
Join
96%
On
96%
Sing
95%
All
94%
Chorus
94%
Chorus
94%
One
94%
You
94%
It
93%
So
93%
Ball
92%
Good
92%
Old
92%
Champions
89%
Is
86%
Melbourne's
85%
Team
85%
For
83%
Agree
82%
You'll
81%
To
75%
Plays
74%
That
73%
Win
73%
They're
69%
No matching quizzes found
Score Distribution
Percent of People with Each Score
Percentile by Number Answered
Your Score History
You have not taken this quiz